00515cam a22001575i 45000010009000000050017000090080041000260200018000670200015000850400013001000820024001131000026001372450108001632600059002713000027003302011167220180828102400.0170626s2017 ii 000 0 eng d a9789352644391 a9352644395 cPK-LaUMT04a320.9581223bBHA-G1 aBhattacherjee, Kallol14aThe great game in Afghanistan :bRajiv Gandhi, General Zia and the unending war /cKallol Bhattacherjee aUttar Pradesh :bHarperCollins Publishers India,c2017 axxvii, 300 p. ;c22 cm